| 000 | 00695nam a22002297a 4500 | ||
|---|---|---|---|
| 005 | 20170124110014.0 | ||
| 010 | _aA-991879 | ||
| 020 |
_c00.00 _a8172730101 |
||
| 035 | _aA-991879 | ||
| 037 | _bCen Lib/ Ret | ||
| 040 |
_aDPL _bEN |
||
| 082 |
_a370.954 _bPAT |
||
| 100 |
_aPatri, Vasantha R _918387 |
||
| 245 |
_aEducation in India : _cby Vasantha R Patri _b programmes and policies / |
||
| 260 |
_aNew Delhi _bAuthor press _c2000 |
||
| 270 |
_bNew Delhi _aE-35/103, Jawahar park |
||
| 300 |
_aviii,398p. _c18cm(Hb) |
||
| 650 |
_aEducation _91169 |
||
| 650 |
_aEducation programmes and policies _zIndia _918388 |
||
| 700 | _918294 | ||
| 942 |
_2ddc _cEN _h370.954 _mPAT |
||
| 999 |
_c126753 _d126753 |
||